000 00711nam a2200205 a 4500
008 120416s1987 ||||||||||||||||| || u
020 _a0256032327
050 _aHD 58.7 Rei
100 _aReitz, H. Joseph
245 1 0 _aBehavior in organizations
250 _a3rd ed.
260 _aHomewood, Ill.
_bIrwin
_c1987
300 _axiii, 626p. : ill
350 _a0.00
490 _aThe Irwin series in management and the behavioral sciences
500 _aIncludes bibliographies and indexes.
650 0 _aMANAGEMENT
650 _aORGANIZATIONAL BEHAVIOUR
995 _D0.00
_FCBU-MAIN LIBRARY (Kitwe)
_H1
_I37.95
_M1
_UDAMAGED
_ZMain Library Open Access Collection
999 _c35696
_d35696